Actor's With "M" in Their Name by Picture - Statistics

General Stats
  • This quiz has been taken 159 times
  • The average score is 11 of 15
Answer Stats
Picture Answer % Correct
Matt Damon
91%
Chris Hemsworth
89%
Emma Stone
89%
Natalie Portman
86%
Emma Watson
81%
Jeremy Renner
81%
Selena Gomez
79%
Marlon Brando
75%
LeBron James
71%
Tom Hardy
69%
Ewan McGregor
68%
Melissa McCarthy
63%
Lin Manuel-Miranda
49%
Mark Hamill
46%
Jimmy Smits
39%
No matching quizzes found
Score Distribution
Percent of People with Each Score
Percentile by Number Answered
Your Score History
You have not taken this quiz